000 00577nam a2200169Ia 4500
008 090201s9999 xx 000 0 und d
010 _aKPL-39075
040 _bमराठी
041 _aमराठी
082 _a22855
_b39075
100 _aरमेश मुधोळकर
245 _aभारतीय शास्त्रज्ञ
_cरमेश मुधोळकर
260 _c2004
_bश्रीराम बुक एजन्सी
300 _a59
_bलहान
600 _aभारतीय शास्त्रज्ञ
942 _cBOOK
999 _c222369
_d222369